|
|
|
|
| LEADER |
00000nam0a2200000 4500 |
| 001 |
42218 |
| 005 |
20231031015150.0 |
| 010 |
|
|
|a 5160001719
|
| 035 |
|
|
|a (RuTPU)RU\TPU\book\43468
|
| 090 |
|
|
|a 42218
|
| 100 |
|
|
|a 20020827d2002 m y0rusy50 ca
|
| 101 |
0 |
|
|a rus
|
| 102 |
|
|
|a RU
|
| 105 |
|
|
|a a j 001zy
|
| 200 |
1 |
|
|a Математика и информатика
|e учебное пособие для вузов
|f В. Я. Турецкий
|g Уральский гос. ун-т
|
| 205 |
|
|
|a 3-е изд., перераб. и доп.
|
| 210 |
|
|
|a Москва
|c Инфра-М
|d 2002
|
| 215 |
|
|
|a 560 с.
|c ил.
|
| 225 |
1 |
|
|a Высшее образование
|
| 320 |
|
|
|a Библиогр.: с. 557-558.
|
| 610 |
1 |
|
|a математика
|
| 610 |
1 |
|
|a множества
|
| 610 |
1 |
|
|a математические отношения
|
| 610 |
1 |
|
|a функции
|
| 610 |
1 |
|
|a математическая логика
|
| 610 |
1 |
|
|a математический анализ
|
| 610 |
1 |
|
|a математическая статистика
|
| 610 |
1 |
|
|a математическая геометрия
|
| 610 |
1 |
|
|a линейная алгебра
|
| 610 |
1 |
|
|a пределы
|
| 610 |
1 |
|
|a непрерывные функции
|
| 610 |
1 |
|
|a дифференциальные исчисления
|
| 610 |
1 |
|
|a интегральное исчисление
|
| 610 |
1 |
|
|a теория вероятностей
|
| 610 |
1 |
|
|a случайные величины
|
| 610 |
1 |
|
|a случайные события
|
| 610 |
1 |
|
|a статистические гипотезы
|
| 610 |
1 |
|
|a информатика
|
| 610 |
1 |
|
|a компьютеры
|
| 610 |
1 |
|
|a история
|
| 610 |
1 |
|
|a устройство
|
| 610 |
1 |
|
|a Norton Commander
|
| 610 |
1 |
|
|a операционные системы
|
| 610 |
1 |
|
|a MS DOS
|
| 610 |
1 |
|
|a Windows 95
|
| 610 |
1 |
|
|a программное обеспечение
|
| 610 |
1 |
|
|a учебные пособия
|
| 675 |
|
|
|a 51(075.8)
|v 3
|
| 675 |
|
|
|a 681.3.01(075.8)
|v 3
|
| 700 |
|
1 |
|a Турецкий
|b В. Я.
|g Владимир Яковлевич
|
| 712 |
0 |
2 |
|a Уральский государственный университет
|2 stltpush
|3 (RuTPU)RU\TPU\col\962
|
| 801 |
|
1 |
|a RU
|b 63413507
|c 20020827
|g PSBO
|
| 801 |
|
2 |
|a RU
|b 63413507
|c 20060602
|g PSBO
|
| 900 |
|
|
|a Информатика ...
|
| 942 |
|
|
|c BK
|
| 952 |
|
|
|a 510200
|b 010100
|